Wangian syurga sunnah memakai haruman hukum & rahsia perubatan

Bibliographic Details
Main Author: Abdullah Al-Qari B. Hj Salleh
Format: Book
Published: Kuala Lumpur : Al-Hidayah Publishers , 2003
Subjects:

MARC

LEADER 00000cam a2200000 7i4500
001 0000014078
005 20080220.0
008 080220
020 |a 9830994880 
090 0 0 |a 297.27   |b ABD 
100 0 |a Abdullah Al-Qari B. Hj Salleh 
245 1 0 |a Wangian syurga sunnah memakai haruman hukum & rahsia perubatan   |c Abdullah Al-Qari B. Hj Salleh 
260 |a Kuala Lumpur :   |b Al-Hidayah Publishers ,   |c 2003 
650 0 |a Health   |x Religious aspect   |x Islam 
650 0 |a Medicene   |x Religious aspects   |x Islam 
999 |a 0001007389   |b Book   |c Adult Collection   |e Perbadanan Perpustakaan Awam Johor 
999 |a 0001007390   |b Book   |c Adult Collection   |e Perbadanan Perpustakaan Awam Johor 
999 |a 0001007391   |b Book   |c Adult Collection   |e Perbadanan Perpustakaan Awam Johor